000 00617nam a2200205Ia 4500
003 GCL
008 140319s9999 xx 000 0 ara d
040 _aGCL /
_cGCL
082 0 4 _a914
_bا ا
100 1 _aايهاب الشريف
245 1 0 _aاوروبا الحلم الحقيقة /
_cايهاب الشريف
700 1 _aايهاب الازهرى
300 _a429 ص
490 _a
650 0 4 _aالعالم - وصف ورحلات
650 0 4 _aاوربا - وصف ورحلات
650 0 4 _aاوربا - العادات والتقاليد
650 0 4 _aالسياحة - اوروبا
942 _2ddc
_cBK
999 _c52284
_d52284